| 000 | 00691nam a2200241 a 4500 | ||
|---|---|---|---|
| 008 | |||
| 020 | _a0091413818 (pbk.) | ||
| 049 | _aMAIN | ||
| 090 | _aHD82 | ||
| 100 | 1 | 0 | _aChisholm, Michael. |
| 245 | 1 | 0 |
_aModern world development : _ba geographical perspective / _cMichael Chisholm. |
| 260 | 0 |
_aLondon : _bHutchinson, _c1982. |
|
| 300 |
_a216 p. : _bill., maps ; _c22 cm. |
||
| 650 | 0 | _aEconomic development. | |
| 650 | 0 | _aEconomic geography. | |
| 650 | 0 | _aNatural resources. | |
| 650 | 0 | _aHuman capital. | |
| 907 |
_a.b10082803 _b17-07-03 _c16-07-03 |
||
| 003 | |||
| 005 | 20230123133339.0 | ||
| 040 | _cNUST | ||
| 942 |
_cBOOKS _kHD82 |
||
| 999 |
_c147008 _d147008 |
||